[Event "FIDE-Wch k.o."]
[Site "New Delhi/Teheran"]
[Date "2000.12.05"]
[Round "3.4"]
[White "Kasimdzhanov, Rustam"]
[Black "Tkachiev, Vladislav"]
[Result "0-1"]
[WhiteElo "2690"]
[BlackElo "2657"]
[Annotator "Postny,E"]
[PlyCount "72"]
[EventDate "2000.11.27"]
[EventType "k.o."]
[EventRounds "7"]
[EventCountry "IND"]
[SourceTitle "CBM 081"]
[Source "ChessBase"]
[SourceDate "2001.03.20"]
[SourceVersion "1"]
[SourceVersionDate "2001.03.20"]
[SourceQuality "1"]

1. e4 e5 2. Nf3 Nc6 3. d4 exd4 4. Nxd4 Bc5 5. Nxc6 Qf6 6. Qd2 dxc6 7. Nc3 Bd4
8. Bc4 ({Risky is} 8. f4 {,however Svidler didn't manage to exploit it and
white got an advantage after:} Be6 9. e5 Qh4+ 10. g3 Qd8 11. Bg2 Nh6 12. Ne4
O-O 13. Qe2 Nf5 14. c3 Bb6 15. Bd2 Qe7 16. Ng5 Rad8 17. Be4 Bc8 18. O-O-O {
1-0 Timman,J-Svidler,P/Bugojno 1999/CBM 74 no vc (55)}) 8... Nh6 ({Tkachiev
tried another move as well:} 8... Ne7 9. O-O Ng6 10. Kh1 Be6 11. Bxe6 fxe6 12.
Ne2 Bb6 13. Qg5 Ne5 14. f3 Rd8 15. b3 O-O 16. Qxf6 gxf6 17. Ba3 Rfe8 18. Rad1
$14 {1-0 Van Der Wiel,J-Tkachiev,V/Cannes 1999 (46)}) 9. O-O $146 (9. h3 {
[%csl Yh6] seems to me more principal} Be6 10. Bxe6 fxe6 11. O-O O-O 12. Nd1
Nf7 13. c3 Bb6 14. Qe2 Ne5 15. Be3 Rad8 16. Bxb6 axb6 17. Ne3 Qg6 18. f4 Nd3
19. f5 exf5 20. Nxf5 Kh8 21. Rad1 Ne5 $11 {Motylev,A-Tkachiev,V/Neum 2000/blitz
}) 9... Ng4 {At first opportunity black knight comes into the battle.} 10. Qf4
O-O ({Can not be recommended} 10... Bxc3 $2 11. bxc3 {and black cann't take on
c3 once more, because f7 pawn will be undefended.}) 11. h3 $2 {Probably lack
of concentration.} ({The queen exchange was normal} 11. Qxf6 Nxf6 12. Ne2 Bc5
13. Ng3 $11) 11... Bxc3 12. bxc3 Qxc3 {Now black takes on c3 with pleasure, f7
pawn is O.K!} 13. Rb1 (13. hxg4 Qxa1 14. Ba3 Qf6 15. Qxf6 gxf6 16. Bxf8 Kxf8 {
and white has no compensation for the pawn.}) 13... Qxc4 14. hxg4 Qxa2 15. Bb2
{Opposite colour bishops give white some chances.} Qe6 16. f3 Qe7 17. Be5 {
Winning back one pawn.} Rd8 {taking the "d" file under control.} 18. Bxc7 Rd7
19. Be5 b6 20. Rfd1 Rxd1+ 21. Rxd1 Be6 22. Rd6 c5 (22... Rd8 $6 23. Qd2 {
with good drawing chances.}) 23. Bb2 h6 24. Qe5 Qg5 25. Qc3 ({It seems, that
white could save half a point by} 25. Qxg5 hxg5 26. Bc1 Kh7 (26... Bc4 27. Bxg5
$11 a5 $2 28. Rd8+ $1 Rxd8 29. Bxd8 a4 30. Bxb6 a3 31. Bxc5 a2 32. Bd4 $16) 27.
Bxg5 a5 28. Rxb6 a4 29. Rb1 (29. Be7 a3 30. Bxc5 a2 31. Bd4 a1=Q+ 32. Bxa1
Rxa1+ 33. Kh2 g5 $19) 29... a3 30. Ra1 a2 31. Bd2 {[%cal Yd2c3]}) 25... b5 26.
f4 b4 (26... Qxg4 $2 27. f5 Bc4 {[%tqu "En","Find the best move.","","","d6g6",
"",10]} 28. Rg6 $1 Qd1+ 29. Kh2 $18) 27. Qe3 $2 ({The only chance to survive
was:} 27. fxg5 bxc3 28. Bxc3 hxg5 29. Ra6 Bxg4 30. Ra5 Bd1 31. Rxc5 Bxc2 32.
Rxg5 g6 33. Bf6 {and white is fighting for a draw.}) 27... Qxg4 28. f5 Bc4 $1
29. Qxc5 Qxe4 30. Rd4 Qxc2 31. Qxb4 Rc8 {Black is two pawns up and white is
weak.The rest is simple.} 32. Kh2 Qe2 33. Qb7 Qe5+ 34. Kh3 Qxf5+ 35. Kg3 Be6
36. Qxa7 Qe5+ 0-1

[Event "FIDE-Wch k.o."]
[Site "New Delhi/Teheran"]
[Date "2000.12.02"]
[Round "2.3"]
[White "Nataf, Igor Alexandre"]
[Black "Short, Nigel D"]
[Result "1/2-1/2"]
[WhiteElo "2526"]
[BlackElo "2677"]
[Annotator "Postny,E"]
[PlyCount "72"]
[EventDate "2000.11.27"]
[EventType "k.o."]
[EventRounds "7"]
[EventCountry "IND"]
[SourceTitle "CBM 081"]
[Source "ChessBase"]
[SourceDate "2001.03.20"]
[SourceVersion "1"]
[SourceVersionDate "2001.03.20"]
[SourceQuality "1"]

1. e4 e5 2. Nf3 Nc6 3. d4 exd4 4. Nxd4 Bc5 5. Nxc6 Qf6 6. Qd2 bxc6 {More
popular theoretical line starts with 6...dc.} 7. Nc3 Nh6 {It is hard to
believe, that this way black can equalize (black knight stands quite bad) but,
in recent games white got an advantage also after standart piece developement,
for example:} (7... d6 8. Bd3 Ne7 9. O-O Bb6 10. Kh1 $1 {[%cal Gf2f4]} Qh4 11.
f4 f5 12. e5 dxe5 13. fxe5 Be6 14. Qe2 $16 {1-0 Pavasovic,D-Timoscenko,G/
Istanbul 2000 (68)}) 8. h3 $146 {[%csl Yh6]} (8. Na4 Be7 9. Bd3 O-O 10. O-O d6
11. h3 Qg6 12. Qe3 Re8 {1/2-1/2 Paksa,R-Hazai,L/HUN 1998/EXT 2000 (12)}) 8...
O-O 9. Bd3 d6 ({After} 9... d5 {white should castle} 10. O-O {with an
advantage.} ({worse is} 10. exd5 $2 Re8+ {and black has the initiative.})) 10.
O-O Qg6 {[%cal Gc8h3]} 11. Qg5 $14 {[%csl Yh6]} a5 {setting free a7 square for
the bishop.} 12. Na4 Bd4 13. c3 Ba7 14. b3 ({Perhaps stronger is} 14. Re1 {
[%csl Ga7][%cal Yc1e3]} Bd7 {[%csl Ra4][%cal Yc6c5]} (14... f5 $6 15. Qxg6 hxg6
16. e5 $16) 15. b3 {with better chances for white}) 14... f5 {intending to
open "f" file and put pressure on f2 point.} 15. Qxg6 hxg6 16. Bb2 ({After} 16.
c4 {[%csl Ya7][%cal Gc4c5]} Bd4 17. Bb2 Bxb2 18. Nxb2 c5 {black on the way to
equality.}) 16... fxe4 17. Bxe4 d5 18. Bd3 ({Of course not} 18. Bxg6 $2 Ba6 {
[%csl Ga6,Ga7,Rf1,Rf2,Gf8]}) 18... Bf5 (18... Nf5 {[%cal Gf5g3]} 19. Ba3 {
[%csl Yc5,Rf8][%cal Ya3c5] with advantage.}) 19. Rad1 Bxd3 20. Rxd3 Nf5 (20...
Rae8 {[%cal Ge8e2] doesn't solve problems as well, but perhaps is preferable;}
21. Rd2 Rf4 (21... Nf5 22. Ba3 Ng3 23. Bxf8 Nxf1 24. Kxf1 $16) 22. Ba3 Nf5 23.
Bc5 Rxa4 24. Bxa7 $14) 21. Ba3 Nd6 22. Bc5 {Right idea.White swapping bishops
in order to release black's pressure on f2 pawn.} Rfe8 23. Bxa7 Rxa7 {[%cal
Ge8e2]} 24. Rd2 Raa8 {At the moment "e" file is under black's control, but the
advantage is on the white side, because of weak black pawns.} 25. f3 {[%cal
Yg1f2]} Re3 26. Kf2 Rae8 27. Rc1 Kf7 28. Nc5 (28. Rcc2 {[%cal Gd2e2] is too
early, as after} Re1 29. Re2 R8xe2+ 30. Rxe2 Rc1 {black has sufficient
counterplay.}) 28... g5 29. a4 Kg6 30. Rdc2 $2 {Strange move.} ({it was the
right time to play} 30. Rcc2 {[%cal Gd2e2]} Re1 31. b4 {[%csl Ga4] with
chances for a win.}) 30... R3e7 $1 31. Rd1 Rb8 $1 {[%cal Yd6b7]} 32. Re2 {
Finally white found right plan.} Rxe2+ 33. Kxe2 Nb7 34. Na6 $6 {forcing draw.}
({After} 34. Nd3 $14 {white still has better position, thanks to superior
pawnstructure.}) 34... Ra8 $1 35. Nxc7 Rc8 36. Na6 Ra8 1/2-1/2

[Event "Corus"]
[Site "Wijk aan Zee"]
[Date "2002.01.13"]
[Round "2"]
[White "Morozevich, Alexander"]
[Black "Khalifman, Alexander"]
[Result "1/2-1/2"]
[WhiteElo "2742"]
[BlackElo "2688"]
[Annotator "Postny,E"]
[PlyCount "99"]
[EventDate "2002.01.12"]
[EventType "tourn"]
[EventRounds "13"]
[EventCountry "NED"]
[EventCategory "18"]
[SourceTitle "CBM 087"]
[Source "ChessBase"]
[SourceDate "2002.03.21"]
[SourceVersion "1"]
[SourceVersionDate "2002.03.21"]
[SourceQuality "1"]

1. e4 e5 2. Nf3 Nc6 3. d4 exd4 4. Nxd4 Nf6 5. Nxc6 bxc6 6. e5 Qe7 7. Qe2 Nd5 8.
c4 Nb6 9. Nc3 Qe6 {This is the most popular continuation on the top level.
Other options are: 9...a5, 9...Ba6, 9...Bb7, 9...d5, 9...g6.} 10. Qe4 Ba6 11.
b3 O-O-O 12. Bb2 (12. f4 {- see the game Kotsur,P-Pavasovic,D /Dubai op 2001/
CBM 83 [Postny]}) 12... Re8 (12... Bb7 {- see the game Motylev,A-Sofronie,I/
Returul Superligii 2000/CBM 81 [Postny]}) 13. f4 f6 14. O-O-O fxe5 15. c5 $5 (
15. fxe5 Qxe5 16. Qxe5 Rxe5 17. Bd3 Re8 (17... Bb7 {[%cal Gc6c5]}) 18. Rhf1 Be7
19. Rf7 Bg5+ 20. Kb1 Re7 21. Rdf1 $14 {1-0 Pavasovic,D-Rogic,D/St Veit 2000/
EXT 2001 (50)}) 15... Bxf1 16. cxb6 Ba6 17. bxa7 Kb7 18. Rhe1 $146 (18. fxe5 d5
19. Qf3 Qh6+ 20. Kb1 Rxe5 21. Ka1 Bd6 22. Rc1 Rf8 $17 {0-1 Kristjansson,
S-Sermek,D/Istanbul 2000/EXT 2001 (31)}) 18... d5 $2 (18... Bd6 {This should
be the most critical line.For instance:} 19. fxe5 Bxe5 20. Qb4+ (20. Kb1 Kxa7
21. Nb5+ Bxb5 22. Bxe5 Kb7 $15) 20... Ka8 $1 (20... Kxa7 21. Nb5+ cxb5 22. Bxe5
$36) 21. Ne4 Bxb2+ 22. Kxb2 Qg4 $15) 19. Qxe5 {The forthcoming endgame is an
unpleasant for black.} Qxe5 20. fxe5 Bc5 $8 (20... Kxa7 21. Na4 $16 {[%csl Rc5]
[%cal Gb2d4]}) 21. Na4 Bf2 22. Bd4 {Of course white should not hesitate to
sacrifice an exchange in this position...} Bxe1 23. Rxe1 {[%mdl 1024] In
compensation for the exchange white has a pawn and total control over the
black squares. Black's defensible task is not easy.} Re7 24. Bc5 $6 {c5 is a
crucial square, but white can put only one piece there at a time.At this
moment he chooses the wrong time to occupy the c5 square.} ({Perhaps white
should improve his K} 24. Kd2 {since black has no active counterplay.}) 24...
Re6 {Had the white B not been on the c5 square this move would not be possible
for obvious reasons. Now black gets an opportunity to manoeuvre his R to
better pastures.} 25. Bf2 Rg6 26. g3 Re8 27. e6 $5 {[%cal Ge6e7]} (27. Kd2 Ka8
{[%cal Ya6c8]}) 27... Re7 28. Bd4 Ka8 {[%csl Re6]} 29. Nc5 Kxa7 (29... Bc8 $2
30. Rf1 {[%csl Rf7,Rf8]}) 30. Nd3+ Kb8 31. Nf4 Rg5 32. Bc5 Re8 33. e7 {Despite
being an exchange down white is in possesion of initiative, Pe7 is very strong,
however black's defending resources are sufficient.} Bc8 34. Kd2 Rf5 35. b4 Rf7
36. a4 Kb7 37. Re5 Bf5 {It's graphically visible, that white is playing only
on the black squares and black is doing the exact opposite.} 38. h4 {
preventing g7-g5.} g6 39. Ke3 h6 40. a5 g5 $6 ({After} 40... Rf6 {I don't see,
how white can improve his position.}) 41. hxg5 $6 {This exchange helps black.}
(41. Ne6 Bxe6 42. Rxe6 {gives white better chances for a win.}) 41... hxg5 42.
Ne6 Bxe6 43. Rxe6 g4 {[%csl Rg3]} 44. Kd4 Rf3 45. Rg6 Rxg3 46. Ke5 Rg2 47. Kf6
Kc8 48. a6 {It looks like white is winning, but black holds on...} Kd7 49. a7
d4 $1 {[%mdl 256] This resource saves black.} ({In case of} 49... g3 $2 50. Rg4
$1 {black could find himself in zugzwang.}) 50. Bxd4 ({The following variation
confirm, that the position is drawish:} 50. Bxd4 Re2 51. Bc5 Re6+ 52. Kf7 Rxg6
53. Kxg6 Ke6 54. Kg5 g3 55. Kf4 g2 56. Kf3 Rg8 57. Kf4 g1=Q 58. Bxg1 Kxe7 59.
Bc5+ Ke6 60. Ke4 $11 {[%csl Ga7]}) 1/2-1/2

[Event "FIDE-Wch k.o."]
[Site "New Delhi/Teheran"]
[Date "2000.12.03"]
[Round "3.1"]
[White "Peng, Xiaomin"]
[Black "Svidler, Peter"]
[Result "1-0"]
[WhiteElo "2657"]
[BlackElo "2689"]
[Annotator "Postny,E"]
[PlyCount "109"]
[EventDate "2000.11.27"]
[EventType "k.o."]
[EventRounds "7"]
[EventCountry "IND"]
[SourceTitle "CBM 081"]
[Source "ChessBase"]
[SourceDate "2001.03.20"]
[SourceVersion "1"]
[SourceVersionDate "2001.03.20"]
[SourceQuality "1"]

1. e4 {Hecht} e5 2. Nf3 Nc6 3. d4 exd4 4. Nxd4 Nf6 5. Nxc6 bxc6 6. e5 Qe7 7.
Qe2 Nd5 8. c4 Nb6 {Other theoretical line starts with 8...Ba6.} 9. Nd2 {
Other moves: 9.Nc3; 9.b3.} Bb7 10. b3 g6 ({Deserving attention} 10... O-O-O 11.
Bb2 d5 12. O-O-O Qe6 13. Qe3 Bb4 14. cxd5 cxd5 15. Nf3 Kb8 16. Bd3 Rhe8 17. Ng5
Qe7 18. f4 d4 19. Bxd4 Bxg2 20. Rhg1 Rxd4 21. Qxd4 Bc5 22. Qc3 Nd5 23. Qc4 Nb6
24. Qc2 Bxg1 25. Rxg1 Bb7 $13 {1/2-1/2 Shaked,T-Morovic Fernandez,I/Groningen
1997/CBM 63 (53)}) 11. Bb2 Bg7 12. O-O-O ({White has no time for} 12. Ne4 $6 {
[%csl Rf6] due to simple} O-O-O 13. f4 Rhe8 $15) 12... O-O-O 13. f4 c5 14. Nf3
d6 $146 (14... Rhe8 15. g3 f6 16. Bg2 fxe5 17. Nxe5 d6 18. Bxb7+ Kxb7 19. Qf3+
Kc8 $6 (19... Ka6 $5) 20. Nd3 $6 (20. Nc6 Bxb2+ 21. Kxb2 Qe2+ 22. Qxe2 Rxe2+
23. Kb1 $14) 20... Bxb2+ 21. Nxb2 Qe2 22. Qxe2 Rxe2 23. Rd2 Rde8 $11 {
Rublevsky,S-Adams,M /Frankfurt 2000}) 15. exd6 Qxe2 16. Bxe2 Bxb2+ 17. Kxb2
Rhe8 18. Rde1 {More accurate then 18.Rhe1.White need d1 square for the bishop.}
Rxd6 ({Why not to take with the pawn} 18... cxd6 {correcting pawnstructure?}
19. Ng5 {is not dangerous} f5 20. Nxh7 $2 Re7 $1 $19 {[%csl Re1,Re2,Rh7][%cal
Rd8e8]}) 19. Bd1 Rxe1 20. Rxe1 f6 {limiting the knight.} 21. Kc1 {Status is:
white has small advantage thanks to separated black pawns on the queenside,
however with accurate play black should hold the position without suffer too
much.} Kd8 22. Re3 Nd7 {preparing Nf8 with Re6 to swap the rooks.} 23. Ne1 Nf8
24. g3 Re6 25. Kd2 Rxe3 26. Kxe3 Ke7 {Black's only care now-c5 pawn.} 27. Bg4
Kd6 28. Nd3 f5 29. Bf3 {Bishops are going off the board too.} Bxf3 30. Kxf3 Nd7
$11 {[%csl Yc5,Yd7,Ye5][%cal Yd7c5,Yd7e5]} 31. h3 {[%cal Gg3g4]} Ke6 32. g4 {
trying to create something on the kingside...} h6 33. Kg3 Kf6 34. Kh4 Ke6 {
Stand by.} (34... g5+ $2 35. Kh5 $18) 35. g5 {The only thing, that white can
achieve on the kingside, is to fix g6 pawn.} h5 36. Kg3 {Back to the queenside.
} Kd6 37. Kf3 Kc6 38. Ke3 Kb6 39. Kd2 a5 40. Kc3 Kb7 41. Ne1 c6 {Strange move 
(pawns are not going back!).However it doesn't change the evaluation, of
course, the position is drawish.} 42. Nd3 Ka6 43. Nb2 Nf8 {There is no reason
to move the knight from d7.The simpliest is to play with the king on squares
b6,b7,c7, but maybe Svidler playing for a win?!} 44. a3 Ne6 {Back to d7 is
safer.} 45. Nd3 Kb6 46. Kd2 {Hecht: '[#] Die schwarze Bauernschwächen sind
fixiert. der weiße Plan lautet nun: Decken des Bf4 mittels Kf4, danach Se5 und
Zurückdrängen des schwarzen Springers nach f8. Danach wird der weiße König
wieder frei.'} Ka6 $4 {'?' Hecht. Decisive mistake! In endgame king should be
placed in the center.  Hecht: 'Möchte den König bei dem Hebel a4 in der Nähe
der a-Bauern lassen, lässt aber eine taktische Lösung zu. Es scheint, dass an
dieser Stelle die richtige passive Aufstellung (Kc7) der aktiven Fortsetzung 
(a4) vorzuziehen war.'} ({After} 46... Kc7 {black was holding the position.}
47. Ke3 ({doesn't work} 47. Ne5 Nxf4 48. h4 Kd6) 47... Kd6 48. h4 (48. Ne5 Nxg5
$1 49. Nxg6 Nxh3 $6 (49... Ne6 $11) 50. Nh4 $16 {[%cal Rh4f3,Rf3e1,Re1d3]})
48... Nf8 (48... Nd4 49. Ne5 Nxb3 50. Nxg6 $16) 49. Ne5 Kc7 50. Kd2 Kb6 51. Kc3
Kc7 (51... Kb7 $11 {Hecht und es geht auch nicht mit b4 entscheidend weiter.}
52. b4 axb4+ 53. axb4 Kb6 $1 $11 (53... cxb4+ 54. Kxb4 Kb6 55. c5+ Kc7 56. Ka4
Kb7 57. Ka5 Kc7 58. Ka6 Ne6 59. Nxg6 Nxc5+ 60. Ka5 Kd6 $132)) 52. b4 axb4+ 53.
axb4 cxb4+ 54. Kxb4 Kd6 $11) ({Plan B: Aktivität} 46... a4 {Hecht} 47. b4 (47.
bxa4 Ka5 48. Ne5 Nf8 49. Kc3 Kxa4 50. Kb2 h4 51. Ka2 Ka5 52. Nxc6+ Ka4 53. Ne5
Ka5 54. Kb3 Kb6 $14) 47... cxb4 48. axb4 Nd4 49. Kc3 Ne2+ 50. Kb2 Ng1 51. Ne5
Nxh3 52. Nxg6 $18) 47. Ne5 Nxf4 48. h4 $18 {[%csl Ya6,Rg6][%cal Gd2e3]} a4 {
The only chance, but insufficient.} 49. bxa4 Ka5 50. Ke3 Ne6 (50... Ng2+ 51.
Kf2 Nf4 (51... Nxh4 52. Kg3 $18) 52. Kf3 Ne6 53. Nxg6 Kxa4 54. Ne7 Kb3 55. g6
$18) 51. Nxg6 {Now the "g" pawn decides the game.} Kxa4 52. Ne7 (52. Nf4 {Hecht
} Ng7) 52... f4+ (52... Kb3 53. Nxf5 Kxc4 54. g6 $18) 53. Ke4 Kb3 54. g6 Kxc4
55. Nf5 (55. Nf5 {Hecht} Kb3 (55... f3 56. Kxf3 Kd3 57. g7 Nxg7 58. Nxg7 c4 59.
Nxh5 c3 60. Nf4+ Kd2 61. Ne2 $18 {ändert nichts}) 56. g7 Nxg7 57. Nxg7 c4 58.
Nxh5 c3 59. Nxf4 c2 60. Ne2 $18) 1-0

[Event "Governor's Cup 2nd"]
[Site "Kramatorsk"]
[Date "2001.11.23"]
[Round "12"]
[White "Areshchenko, Alexander"]
[Black "Kupreichik, Viktor D"]
[Result "1-0"]
[WhiteElo "2479"]
[BlackElo "2453"]
[Annotator "Postny,E"]
[PlyCount "61"]
[EventDate "2001.11.16"]
[EventType "tourn"]
[EventRounds "14"]
[EventCountry "UKR"]
[EventCategory "10"]
[SourceTitle "CBM 086"]
[Source "ChessBase"]
[SourceDate "2002.02.05"]
[SourceVersion "1"]
[SourceVersionDate "2002.02.05"]
[SourceQuality "1"]

1. e4 e5 2. Nf3 Nc6 3. d4 exd4 4. Nxd4 Bb4+ 5. c3 Be7 6. Bd3 d6 7. O-O Ne5 $6
$146 {The basic principe of the opening tells, that it's not recommended to
play with the same piece more, than one move. Kupreichik is a highly original 
(and strong) grandmaster, but this idea is quite dubious.} (7... Nf6 8. h3 O-O
9. Nd2 Nxd4 10. cxd4 d5 11. e5 Ne8 12. Re1 f5 13. exf6 Bxf6 14. Nf3 Nd6 15. Qc2
g6 16. Bh6 Bg7 17. Bxg7 Kxg7 18. Re3 $14 {1/2-1/2 Stein,L-Averbakh,Y/Moscow
1959/MCD (48)}) 8. Bc2 c5 $6 {[%mdl 16384] Consequently playing for the
dubious idea.} ({Normal was} 8... Nf6 $14) 9. Ba4+ Kf8 (9... Bd7 10. Nf5 $16)
10. Nf5 Bxf5 11. exf5 Qc8 $2 ({The only attempt to justify black's previous
play was:} 11... d5 12. Re1 Nc6 {White has the initiative, since black's K
lost his right to castle, but black's position here is much better than in the
game.}) 12. Bc2 Qc6 {Now black wants to play d6-d5, but it's too late.} 13. Re1
Rd8 14. Bf4 g5 {Otherwise black's kingside will "freeze".} 15. Bxe5 dxe5 16.
Qe2 f6 ({Slightly preferable was} 16... Bd6 17. Nd2 Kg7 18. Nf3 f6) 17. Be4 Qc8
18. Qf3 Nh6 19. Na3 {White is completely dominating on the white squares.} g4
$2 {Black is completely lost his patience.} (19... Kg7 20. Nc4 Rd7 {White has
a big advantage, but at least black's K is more or less safe.}) 20. Qg3 b6 21.
Nc2 Nxf5 22. Qxg4 Nd6 23. Qf3 Nc4 $2 (23... f5 24. Bd5 Bf6 25. Ne3 $16 {
[%csl Gd5,Rf8] |^}) (23... Nxe4 24. Rxe4 Qe6 {was the least of the evils for
black.}) 24. Bd5 $18 Nxb2 25. Rxe5 {White's threats could hardly be counted:
26.Re7, 26.Rae1, 26.Qh5, 26.Re6 /\27.Rf6...} Nd3 26. Qxd3 fxe5 27. Qf3+ Kg7 28.
Qf7+ Kh6 29. Qxe7 Rhf8 (29... Rxd5 30. Qf6+ $18) 30. Qh4+ Kg7 (30... Kg6 31.
Be4+ $18) 31. Qg5+ {Black resigned. A poor performance by GM Kupreichik.} (31.
Qg5+ Kh8 32. Qxe5+ {and mate follows next move.}) 1-0